Music Quiz

Random Music or Letter Quiz

What Did I Type? (Bands) Quiz Stats

Quiz Updated Aug 21, 2016

Also try: Literal Musicians
Challenge
Share
Tweet
Score 0/20 Timer 10:00
0 Plays Today
% Correct
U2
98.3%
ABBA
91.2%
AC/DC
90.1%
Queen
89.5%
Maroon 5
68.9%
Oasis
66.8%
Nirvana
57.1%
Journey
56.7%
Bon Jovi
52.9%
The Jackson 5
50.7%
% Correct
The Beatles
41%
Pearl Jam
40.1%
Van Halen
38.2%
Metallica
33.9%
Coldplay
30.9%
Pink Floyd
24.9%
Green Day
24.9%
Duran Duran
23.5%
The Beach Boys
21%
Aerosmith
11.4%

You're not logged in!

Compare scores with friends on all Sporcle quizzes.
Join for Free
OR
Log In

You Might Also Like...

Show Comments

Extras

Top Quizzes Today


Score Distribution

Your Account Isn't Verified!

In order to create a playlist on Sporcle, you need to verify the email address you used during registration. Go to your Sporcle Settings to finish the process.

Report this User

Report this user for behavior that violates our Community Guidelines.

Details: